This little piggy and other favorite rhymes / (Record no. 6727)

MARC details
000 -LEADER
fixed length control field 01108nam a22002897a 4500
001 - CONTROL NUMBER
control field 6727
003 - CONTROL NUMBER IDENTIFIER
control field FISKH
005 - DATE AND TIME OF LATEST TRANSACTION
control field 20251120143139.0
008 - FIXED-LENGTH DATA ELEMENTS--GENERAL INFORMATION
fixed length control field 250522b cb ||||| |||| 00| 0 eng d
020 ## - INTERNATIONAL STANDARD BOOK NUMBER
International Standard Book Number 9781592496945
040 ## - CATALOGING SOURCE
Original cataloging agency FISKH
Language of cataloging eng
Transcribing agency FISKH
Modifying agency FISKH
050 ## - LIBRARY OF CONGRESS CALL NUMBER
Classification number PZ8.T29645
082 ## - DEWEY DECIMAL CLASSIFICATION NUMBER
Classification number 398.8
100 ## - MAIN ENTRY--PERSONAL NAME
Personal name Anonymous
245 ## - TITLE STATEMENT
Title This little piggy and other favorite rhymes /
Statement of responsibility, etc. Illustrated by Eric Smith, Dubravka Kolanovic, Louise Gardner, Karen Sapp and Sanja Rescek
260 ## - PUBLICATION, DISTRIBUTION, ETC.
Place of publication, distribution, etc. Norwalk :
Name of publisher, distributor, etc. Little Sound Prints,
Date of publication, distribution, etc. 2005.
300 ## - PHYSICAL DESCRIPTION
Extent 24 unnumbered pages :
Other physical details color illustrations ;
Dimensions 26 cm
505 ## - FORMATTED CONTENTS NOTE
Formatted contents note NP<br/>
520 ## - SUMMARY, ETC.
Summary, etc. Presents illustrated versions of "This Little Piggy," "Little Miss Muffet," "Jack be Nimble," "Rain, Rain, Go Away," and "There's a Hole in My Bucket, Dear Liza," accompanied by a sing-along CD.
650 ## - SUBJECT ADDED ENTRY--TOPICAL TERM
Topical term or geographic name entry element Fairy Tale
Form subdivision Nursery Rhymes
700 ## - ADDED ENTRY--PERSONAL NAME
Personal name Kolanovic, Dubravka
Relator term illustrator
700 ## - ADDED ENTRY--PERSONAL NAME
Personal name Gardner, Louise
Relator term illustrator
700 ## - ADDED ENTRY--PERSONAL NAME
Personal name Sapp, Karen
Relator term illustrator
700 ## - ADDED ENTRY--PERSONAL NAME
Personal name Rescek, Sanja
Relator term illustrator
942 ## - ADDED ENTRY ELEMENTS (KOHA)
Source of classification or shelving scheme Dewey Decimal Classification
Koha item type Books
Suppress in OPAC No
Holdings
Withdrawn status Lost status Source of classification or shelving scheme Damaged status Not for loan Collection Home library Current library Shelving location Date acquired Total Checkouts Full call number Barcode Date due Date last seen Date last checked out Copy number Price effective from Koha item type
    Dewey Decimal Classification     Juvenile Fiction Footprints International School Library Network Toul Kork Campus Footprints International School Library Network Toul Kork Campus TK Primary Library Room(4th Floor), Bookcase 7, Shelves 57-60, Dark Green Books 05/23/2025 2 ANO 398.8 PZ8.T29645 FISTK02652 03/26/2026 03/12/2026 03/12/2026 1 05/23/2025 Books